000 00804nam a22002177a 4500
999 _c11717
_d11717
003 AR-CdUCM
008 190404b ||||| |||| 00| 0 spa d
040 _aMUNICIPALIDAD PROVINCIAL DEL CUSCO
_cBIBLIOTECA MUNICIPAL DEL CUSCO
082 _22ed.
_a170 /
_bT52 / 1873
100 _aTiberghien, G.
_929207
245 _aElementos de ética o filosofía moral :
_bprecedidos de unas nociones de biología /
260 _aMadrid :
_bLibreria de Alfonso Durán,
_c1873.
300 _a202 páginas ;
_c18 cm.
500 _aDedicatoria
505 _aNociones de biología -- Base objetiva o metafísica de la filosofía moral -- Deontologia ...
650 _aÉtica
_91337
650 _aMoral
_94056
700 _aGiner, Hermenegildo (traducción)
_929208
942 _2ddc
_cLIBROS
945 _aacv
_d04/04/2019